ENTREPRENEURSHIP DEVELOMENT & MANAGEMENT (Record no. 1216855)

MARC details
000 -LEADER
fixed length control field 00429nam a22001577a 4500
008 - FIXED-LENGTH DATA ELEMENTS--GENERAL INFORMATION
fixed length control field 260304b |||||||| |||| 00| 0 eng d
020 ## - INTERNATIONAL STANDARD BOOK NUMBER
International Standard Book Number 978-93-5097-875-7
041 ## - LANGUAGE CODE
Source of code English
100 ## - MAIN ENTRY--PERSONAL NAME
Personal name DR. VASANT DESAI
110 ## - MAIN ENTRY--CORPORATE NAME
Corporate name or jurisdiction name as entry element DR. KULVEEN KAUR
245 ## - TITLE STATEMENT
Title ENTREPRENEURSHIP DEVELOMENT & MANAGEMENT
250 ## - EDITION STATEMENT
Edition statement 2023
260 ## - PUBLICATION, DISTRIBUTION, ETC. (IMPRINT)
Place of publication, distribution, etc HIMALAYA PUBLISHING HOUSE PVT. LTD
Name of publisher, distributor, etc BEST BOOKS
Date of publication, distribution, etc MUMBAI
300 ## - PHYSICAL DESCRIPTION
Extent LMKCOHK
942 ## - ADDED ENTRY ELEMENTS (KOHA)
Item type Book

No items available.